[Event "4NCL Individual Rapid 10m+10s"]
[Site "Daventry"]
[Date "2013.10.06"]
[Round "2.1"]
[White "Basman, Michael"]
[Black "Hebden, Mark"]
[Result "0-1"]
[WhiteElo "2340"]
[BlackElo "2548"]
[PlyCount "87"]
[EventDate "2013.10.06"]
[EventType "swiss (rapid)"]
[EventRounds "7"]
[EventCountry "ENG"]
[TimeControl "900+75"]
[WhiteClock "0:04:17"]
[BlackClock "0:06:43"]

1. g4 d5 2. h3 e5 3. Bg2 c6 4. d4 Nd7 5. c4 e4 6. Nc3 Nb6 7. c5 Nc4 8. b3 Na5
9. f3 exf3 10. Nxf3 b6 11. O-O bxc5 12. Na4 Nf6 13. dxc5 Be7 14. Nd4 O-O 15.
Bb2 Bd7 16. Rc1 Ne8 17. Rc3 Nc7 18. Rcf3 Rb8 19. Nf5 Bxf5 20. Rxf5 Ne6 21. e4
dxe4 22. Bxe4 Qxd1 23. Rxd1 g6 24. Rf3 Ng5 25. Re3 Nc4 26. bxc4 Rxb2 27. Nxb2
Bxc5 28. Bxc6 Bxe3+ 29. Kg2 Rb8 30. Nd3 Ne6 31. Kf3 Nd4+ 32. Kxe3 Nxc6 33. Ke4
Kf8 34. Kd5 Nb4+ 35. Nxb4 Rd8+ 36. Kc6 Rxd1 37. c5 f5 38. gxf5 gxf5 39. Kb7 Rb1
40. a3 a5 41. c6 axb4 42. a4 b3 43. c7 Rc1 44. a5 0-1

[Event "4NCL Individual Rapid 10m+10s"]
[Site "Daventry"]
[Date "2013.10.06"]
[Round "2.2"]
[White "Jones, Gawain CB"]
[Black "Healey, Michael W"]
[Result "1-0"]
[WhiteElo "2638"]
[BlackElo "2091"]
[PlyCount "45"]
[EventDate "2013.10.06"]
[EventType "swiss (rapid)"]
[EventRounds "7"]
[EventCountry "ENG"]
[TimeControl "900+75"]
[WhiteClock "0:09:05"]
[BlackClock "0:08:28"]

1. a3 g5 2. d4 h6 3. e4 d6 4. h4 gxh4 5. Nf3 Bg7 6. Rxh4 Nc6 7. Bb5 Bd7 8. Nc3
e5 9. Bxc6 Bxc6 10. d5 Bd7 11. Be3 Ne7 12. Qd2 Ng6 13. Rh2 h5 14. O-O-O Qe7 15.
Rdh1 Bg4 16. Nh4 Bf6 17. Nf5 Bxf5 18. exf5 Nh4 19. Ne4 Nxf5 20. Rxh5 Kd7 21.
Qe2 Nxe3 22. Qb5+ c6 23. Qxb7+ 1-0

[Event "4NCL Individual Rapid 10m+10s"]
[Site "Daventry"]
[Date "2013.10.06"]
[Round "2.3"]
[White "Mason, Donald J"]
[Black "Smerdon, David"]
[Result "1/2-1/2"]
[WhiteElo "2204"]
[BlackElo "2523"]
[Annotator "Saunders,John"]
[PlyCount "152"]
[EventDate "2013.10.06"]
[EventType "swiss (rapid)"]
[EventRounds "7"]
[EventCountry "ENG"]
[TimeControl "900+175"]
[WhiteClock "0:00:52"]
[BlackClock "0:01:43"]

1. e4 d5 2. d4 dxe4 3. Nc3 Nf6 4. f3 Nbd7 5. fxe4 e5 6. dxe5 Nxe5 7. Qxd8+ Kxd8
8. Nf3 Bd6 9. Bg5 h6 10. Bxf6+ gxf6 11. O-O-O Be6 12. Nb5 Ke7 13. Nxd6 cxd6 14.
Nxe5 fxe5 15. Be2 Rac8 16. Kb1 Rhg8 17. Bf3 Bg4 18. Rd2 Bxf3 19. gxf3 Rg6 20.
Rf1 Rcg8 21. c4 Rg1 22. Rxg1 Rxg1+ 23. Kc2 Rf1 24. Rd3 Rf2+ 25. Kb1 Rxh2 26.
Ra3 a6 27. Rb3 Rf2 28. Rxb7+ Ke6 29. Rb6 Rxf3 30. c5 Rd3 31. c6 d5 32. c7+ Kd7
33. Rc6 Kc8 34. exd5 Rxd5 35. Rxa6 Kxc7 36. Ra7+ Kd6 37. Rxf7 e4 38. Rf6+ Ke5
39. Rxh6 e3 40. Rh5+ Ke4 41. Rxd5 e2 42. Kc2 e1=Q 43. Rd2 Qf1 44. a3 Qc4+ 45.
Kb1 Ke3 46. Rd1 Ke2 47. Rc1 Qe4+ 48. Ka2 Kd2 49. Rc3 Qh1 50. a4 Qd5+ 51. Kb1
Qe4+ 52. Ka2 Qxa4+ 53. Ra3 Qc4+ 54. Kb1 Qh4 55. Rc3 Ke2 56. Ka2 Qh1 57. Rc2+
Kd3 58. Rc3+ Kd4 59. Ra3 Qd5+ 60. Kb1 Ke4 ({The text line is a reconstruction
of what might have happened, based on moves recorded by the board after the
following illegal line was registered by the software:} 60... Kc4 61. Rc3+ {
The online display shows Black now played the illegal move 61...Qd2 followed
by 62.Ka2 Kd4 63.Ra3 Qe1 64.Rc3 Qe6 65.Kb1 Kd5 66.Rd3 Kc6 67.Rc3 Kb6 68.Ra3
Kc5 69.Rc3 Qg6 70.Ka2 Qg8 71.Kb1 Kd4 72.Ra3 Qg1 73.Ka2 Qd1 74.Rc3 Qa4 75.Kb1
Qb4 76.Ka2 Qxc3 draw}) 61. Rc3 Qd2 62. Ka2 Kd4 63. Ra3 Qe1 64. Rc3 Qe6+ 65. Kb1
Kd5 66. Rd3+ Kc6 67. Rc3+ Kb6 68. Ra3 Kc5 69. Rc3+ Kd5 70. Ka2 Qg8 71. Kb1 Kd4
72. Ra3 Qg1+ 73. Ka2 Qd1 74. Rc3 Qa4+ 75. Kb1 Qb4 76. Ka2 Qxc3 1/2-1/2

[Event "4NCL Individual Rapid 10m+10s"]
[Site "Daventry"]
[Date "2013.10.06"]
[Round "2.4"]
[White "Zakarian, David"]
[Black "Josse, Mark"]
[Result "1-0"]
[WhiteElo "2408"]
[BlackElo "2173"]
[PlyCount "91"]
[EventDate "2013.10.06"]
[EventType "swiss (rapid)"]
[EventRounds "7"]
[EventCountry "ENG"]
[TimeControl "900+135"]
[WhiteClock "0:01:21"]
[BlackClock "0:02:15"]

1. e4 c5 2. Nf3 e6 3. b3 a6 4. Bb2 Nc6 5. c4 d6 6. Be2 Nf6 7. Nc3 Be7 8. O-O
O-O 9. d4 cxd4 10. Nxd4 Bd7 11. Nc2 Qc7 12. Rc1 Rac8 13. Kh1 Rfe8 14. f4 Bf8
15. Qd3 Qb8 16. Bf3 Rcd8 17. g4 h6 18. Rg1 Nh7 19. Ne2 b5 20. cxb5 axb5 21. a3
e5 22. f5 Be7 23. Ne3 Bg5 24. Rc2 Bxe3 25. Qxe3 b4 26. a4 Ng5 27. Bg2 Na5 28.
h4 Nh7 29. Rd2 Bc6 30. g5 hxg5 31. hxg5 Qb7 32. Rgd1 Qb8 33. Ng3 Nb7 34. Bf3
Nc5 35. Rg1 Qb7 36. Rgd1 Qb8 37. Rg1 Qb7 38. Rgd1 Qe7 39. f6 gxf6 40. Nf5 Qf8
41. Rg1 fxg5 42. Rxg5+ Kh8 43. Rh2 f6 44. Rg7 Qxg7 45. Nxg7 Kxg7 46. Qh6+ 1-0

[Event "4NCL Individual Rapid 10m+10s"]
[Site "Daventry"]
[Date "2013.10.06"]
[Round "2.5"]
[White "Coleman, James"]
[Black "Merry, Alan B"]
[Result "1/2-1/2"]
[WhiteElo "2127"]
[BlackElo "2297"]
[PlyCount "126"]
[EventDate "2013.10.06"]
[EventType "swiss (rapid)"]
[EventRounds "7"]
[EventCountry "ENG"]

1. Nf3 Nf6 2. c4 g6 3. b4 Bg7 4. Bb2 O-O 5. g3 d6 6. Bg2 e5 7. d3 Re8 8. O-O a5
9. b5 Nbd7 10. Nc3 e4 11. Nd2 e3 12. Nde4 Nxe4 13. Bxe4 exf2+ 14. Rxf2 Nc5 15.
Bd5 Be6 16. Bxe6 Rxe6 17. Na4 Bxb2 18. Nxb2 f5 19. Na4 Nxa4 20. Qxa4 Qf6 21.
Raf1 Qd4 22. Kg2 b6 23. Qc2 Rae8 24. Qd2 Re3 25. Kh1 Qe5 26. Re1 h5 27. Kg2 Kg7
28. Kf1 d5 29. Rf3 d4 30. Rxe3 dxe3 31. Qc1 Qe6 32. Qc3+ Kh7 33. Qd4 Rf8 34.
Qf4 Qe7 35. h4 Re8 36. Kg2 Qc5 37. Rf1 Re7 38. Rf3 a4 39. Qg5 Kg7 40. Rxf5 Qa3
41. Qf6+ Kh7 42. Re5 Rg7 43. Rxe3 Qxa2 44. Re7 Rxe7 45. Qxe7+ Kh6 46. Qg5+ Kg7
47. Qe7+ Kh6 48. Qf8+ Kh7 49. Qf7+ Kh6 50. Qf4+ Kg7 51. Qxc7+ Kh6 52. Qf4+ Kg7
53. Qc7+ Kh6 54. Qf4+ Kg7 55. Qe5+ Kh7 56. Kf2 a3 57. Qe7+ Kh6 58. Qe3+ Kg7 59.
Qxb6 Qb2 60. Qc7+ Kh6 61. Qf4+ Kg7 62. Qc7+ Kh6 63. Qf4+ Kg7 1/2-1/2

[Event "4NCL Individual Rapid 10m+10s"]
[Site "Daventry"]
[Date "2013.10.06"]
[Round "2.6"]
[White "Pitcher, John"]
[Black "Emerson, Roger"]
[Result "1-0"]
[WhiteElo "2246"]
[BlackElo "2214"]
[PlyCount "71"]
[EventDate "2013.10.06"]
[EventType "swiss (rapid)"]
[EventRounds "7"]
[EventCountry "ENG"]
[TimeControl "900+95"]
[WhiteClock "0:03:56"]
[BlackClock "0:00:28"]

1. e4 c5 2. Nc3 e6 3. g3 d5 4. exd5 exd5 5. Bg2 d4 6. Nd5 Nc6 7. d3 Be6 8. Nf4
Bd6 9. Nxe6 fxe6 10. Qh5+ g6 11. Qe2 Qf6 12. Nf3 h6 13. Bd2 Nge7 14. O-O O-O-O
15. Rfe1 e5 16. a3 Kb8 17. b4 cxb4 18. axb4 Rde8 19. b5 Nd8 20. Ba5 Ne6 21.
Nxe5 Bxe5 22. Qxe5+ Qxe5 23. Rxe5 Nf5 24. Rae1 Neg7 25. c4 dxc3 26. Bxc3 Rc8
27. Ba1 Rhd8 28. Be4 Rd7 29. h3 Rdc7 30. Kg2 Rc1 31. Bd5 Rxe1 32. Rxe1 Nh5 33.
Be5+ Ka8 34. b6 Re8 35. f4 Ne7 36. Ra1 1-0

[Event "4NCL Individual Rapid 10m+10s"]
[Site "Daventry"]
[Date "2013.10.06"]
[Round "2.7"]
[White "Hall, John"]
[Black "Harvey, Marcus R"]
[Result "0-1"]
[WhiteElo "2269"]
[BlackElo "2232"]
[PlyCount "106"]
[EventDate "2013.10.06"]
[EventType "swiss (rapid)"]
[EventRounds "7"]
[EventCountry "ENG"]
[TimeControl "900+90"]
[WhiteClock "0:03:07"]
[BlackClock "0:10:51"]

1. e4 e6 2. d4 d5 3. Nc3 Nf6 4. Bg5 dxe4 5. Nxe4 Be7 6. Bxf6 gxf6 7. Nf3 f5 8.
Nc3 a6 9. Bc4 b5 10. Bb3 c5 11. dxc5 Qxd1+ 12. Rxd1 Bxc5 13. Ne5 Nd7 14. Nd3
Be7 15. O-O Bb7 16. Nf4 Nc5 17. Rfe1 Rg8 18. g3 Rd8 19. Rxd8+ Kxd8 20. Rd1+ Kc7
21. Nd3 Bf3 22. Re1 Nxd3 23. cxd3 Rd8 24. Re3 Bc6 25. Bc2 Bc5 26. Re1 Bd4 27.
a3 Kb6 28. Kf1 Bf3 29. Bd1 Bxc3 30. bxc3 Rxd3 31. Bxf3 Rxf3 32. Rc1 Rd3 33. Ke2
Rd7 34. Rb1 Rc7 35. Kd3 Rc4 36. Kc2 Re4 37. Kd3 Ra4 38. Rb4 Ka5 39. Kd4 Rxa3
40. Rb2 f6 41. f4 Ra4+ 42. Kc5 Rc4+ 43. Kd6 Rxc3 44. Kxe6 b4 45. Kxf5 Rc6 46.
g4 Kb5 47. g5 fxg5 48. fxg5 a5 49. h4 a4 50. h5 a3 51. Re2 b3 52. g6 hxg6+ 53.
hxg6 Rxg6 0-1

[Event "4NCL Individual Rapid 10m+10s"]
[Site "Daventry"]
[Date "2013.10.06"]
[Round "2.8"]
[White "McGann, Gary"]
[Black "Wall, Gavin"]
[Result "0-1"]
[WhiteElo "2128"]
[BlackElo "2333"]
[PlyCount "53"]
[EventDate "2013.10.06"]
[EventType "swiss (rapid)"]
[EventRounds "7"]
[EventCountry "ENG"]
[TimeControl "900+100"]
[WhiteClock "0:05:20"]
[BlackClock "0:04:41"]

1. d4 f5 2. Bf4 Nf6 3. g4 Nxg4 4. e4 d5 5. f3 Nf6 6. e5 Nh5 7. Bg5 b6 8. Bd3 h6
9. Be3 e6 10. Ne2 Ba6 11. Bxa6 Nxa6 12. c3 Qd7 13. Qd3 Nb8 14. Nd2 Nc6 15. b4
Be7 16. Nb3 a5 17. b5 Na7 18. a4 c6 19. bxc6 Qxc6 20. Kd2 Qc4 21. Qxc4 dxc4 22.
Nbc1 Kd7 23. d5 exd5 24. Bxb6 Rhb8 25. Bxa7 Rxa7 26. Nd4 Rb2+ 27. Ke1 0-1

[Event "4NCL Individual Rapid 10m+10s"]
[Site "Daventry"]
[Date "2013.10.06"]
[Round "3.1"]
[White "Hebden, Mark"]
[Black "Pritchett, Craig W"]
[Result "1-0"]
[WhiteElo "2548"]
[BlackElo "2359"]
[PlyCount "37"]
[EventDate "2013.10.06"]
[EventType "swiss (rapid)"]
[EventRounds "7"]
[EventCountry "ENG"]
[TimeControl "900+150"]
[WhiteClock "0:10:12"]
[BlackClock "0:02:06"]

1. d4 Nf6 2. Nf3 e6 3. c3 c5 4. Bg5 Be7 5. Nbd2 d5 6. e3 Nc6 7. Bd3 h6 8. Bf4
cxd4 9. exd4 O-O 10. O-O Nh5 11. Be3 Bd6 12. Ne5 Nf6 13. Bf4 Re8 14. Re1 Bf8
15. Re3 Nxe5 16. dxe5 Nd7 17. Rg3 Kh8 18. Qh5 Nc5 19. Bxh6 1-0

[Event "4NCL Individual Rapid 10m+10s"]
[Site "Daventry"]
[Date "2013.10.06"]
[Round "3.2"]
[White "Harvey, Marcus R"]
[Black "Jones, Gawain CB"]
[Result "0-1"]
[WhiteElo "2232"]
[BlackElo "2638"]
[PlyCount "72"]
[EventDate "2013.10.06"]
[EventType "swiss (rapid)"]
[EventRounds "7"]
[EventCountry "ENG"]

1. g3 g6 2. Bg2 Bg7 3. e4 c5 4. Ne2 Nc6 5. O-O d6 6. d3 e6 7. c3 Nge7 8. f4 b6
9. Nd2 Bb7 10. Nf3 Qd7 11. Rb1 f5 12. b4 O-O 13. Qb3 Kh8 14. Ng5 Nd8 15. Bb2 h6
16. Nh3 Ndc6 17. a3 Rae8 18. c4 e5 19. b5 Na5 20. Qc2 fxe4 21. dxe4 Qe6 22.
Rbc1 Ng8 23. f5 gxf5 24. exf5 Qd7 25. Bxb7 Qxb7 26. g4 Nf6 27. g5 hxg5 28. Nxg5
Bh6 29. h4 Rg8 30. Kf2 Ng4+ 31. Ke1 Ne3 32. Qd3 Bxg5 33. hxg5 Nxf1 34. Qxd6 Qg7
35. f6 Qxg5 36. f7 Ne3 0-1

[Event "4NCL Individual Rapid 10m+10s"]
[Site "Daventry"]
[Date "2013.10.06"]
[Round "3.3"]
[White "Wall, Gavin"]
[Black "Zakarian, David"]
[Result "1-0"]
[WhiteElo "2333"]
[BlackElo "2408"]
[PlyCount "75"]
[EventDate "2013.10.06"]
[EventType "swiss (rapid)"]
[EventRounds "7"]
[EventCountry "ENG"]

1. e4 c5 2. Nf3 Nc6 3. Bb5 g6 4. O-O Bg7 5. Nc3 e5 6. Bxc6 dxc6 7. d3 b6 8. Ne1
Nf6 9. f4 Ng4 10. Qe2 exf4 11. Bxf4 g5 12. Bd2 Be6 13. Nf3 h6 14. Nd1 Qd6 15.
Bc3 Bxc3 16. bxc3 Ne5 17. Ne3 Nxf3+ 18. Rxf3 Qe5 19. Qe1 O-O-O 20. a4 c4 21.
Nf5 cxd3 22. cxd3 g4 23. d4 Qa5 24. Rf4 h5 25. e5 Bxf5 26. Rxf5 Qd5 27. a5 b5
28. Qf2 Rd7 29. Re1 Qc4 30. e6 fxe6 31. Rc5 Qd3 32. Rxc6+ Kb7 33. Rexe6 Qd1+
34. Re1 Qd3 35. Qf6 Rhd8 36. a6+ Ka8 37. Qe5 Rd5 38. Qxd5 1-0

[Event "4NCL Individual Rapid 10m+10s"]
[Site "Daventry"]
[Date "2013.10.06"]
[Round "3.4"]
[White "Bhatia, Kanwal"]
[Black "Pitcher, John"]
[Result "1/2-1/2"]
[WhiteElo "2039"]
[BlackElo "2246"]
[PlyCount "129"]
[EventDate "2013.10.06"]
[EventType "swiss (rapid)"]
[EventRounds "7"]
[EventCountry "ENG"]
[TimeControl "900+105"]
[WhiteClock "0:00:24"]
[BlackClock "0:01:36"]

1. e4 c5 2. c3 b6 3. d4 Bb7 4. Bd3 cxd4 5. cxd4 Nf6 6. Nc3 e6 7. Nf3 Bb4 8. e5
Nd5 9. Bd2 Nxc3 10. bxc3 Be7 11. O-O Nc6 12. Qe2 d5 13. Ne1 h5 14. f4 g6 15.
Nf3 Qd7 16. a4 Na5 17. Ra2 Rc8 18. Be1 Nc4 19. Bh4 Rc7 20. Bxe7 Qxe7 21. Rb1 h4
22. Ng5 Kf8 23. Qg4 Bc8 24. Qf3 Rh5 25. Bxc4 dxc4 26. a5 Bb7 27. Qe2 Rxg5 28.
fxg5 Qxg5 29. h3 Qf5 30. Rf1 Qd3 31. axb6 axb6 32. Qb2 Be4 33. Qxb6 Qe3+ 34.
Raf2 Rb7 35. Qd8+ Kg7 36. Qf6+ Kg8 37. Qd8+ Kg7 38. Qf6+ Kg8 39. Qxh4 Bf5 40.
Kh2 Qxc3 41. Qd8+ Kg7 42. g4 Rb3 43. Qf6+ Kg8 44. Qd8+ Kg7 45. Rf3 Rb2+ 46. Kg3
Qd2 47. R1f2 Qe1 48. Qf6+ Kg8 49. Qd8+ Kg7 50. Qf6+ Kg8 51. Qd8+ Kg7 52. Qf6+
Kg8 53. Qd8+ Kg7 54. Qf6+ Kg8 55. Qd8+ Kg7 56. Qf6+ Kg8 57. gxf5 Qg1+ 58. Kf4
Rxf2 59. Qd8+ Kg7 60. Qf6+ Kg8 61. Qd8+ Kg7 62. Qf6+ Kg8 63. Qd8+ Kg7 64. Qf6+
Kg8 65. Qd8+ 1/2-1/2

[Event "4NCL Individual Rapid 10m+10s"]
[Site "Daventry"]
[Date "2013.10.06"]
[Round "3.5"]
[White "Sowray, Peter J"]
[Black "Snape, Ian L"]
[Result "1/2-1/2"]
[WhiteElo "2335"]
[BlackElo "2218"]
[PlyCount "116"]
[EventDate "2013.10.06"]
[EventType "swiss (rapid)"]
[EventRounds "7"]
[EventCountry "ENG"]

1. d4 c5 2. d5 g6 3. e4 d6 4. c4 Nf6 5. Nc3 Bg7 6. f3 O-O 7. Be3 e6 8. Nge2
exd5 9. cxd5 h5 10. Bg5 a6 11. a4 Re8 12. Qd2 Nbd7 13. Ng3 Qa5 14. Be2 b5 15.
O-O b4 16. Nd1 Nh7 17. Bh6 h4 18. Nh1 Qd8 19. Nhf2 Ndf6 20. Bxg7 Kxg7 21. Ne3
Nh5 22. Nc4 Ra7 23. f4 Qf6 24. Bxh5 gxh5 25. e5 dxe5 26. Ne4 Qh6 27. Ned6 Rd8
28. fxe5 Qxd2 29. Nxd2 h3 30. gxh3 Bxh3 31. Rf3 Bg4 32. Rg3 Ng5 33. Kg2 f6 34.
h3 fxe5 35. N2c4 Nxh3 36. Rxh3 Bxh3+ 37. Kxh3 Rad7 38. Rg1+ Kh7 39. Ne4 Rxd5
40. Nf6+ Kh6 41. Nxd5 Rxd5 42. Re1 Rd3+ 43. Kg2 Rd4 44. b3 e4 45. Kf2 Kg5 46.
Ke3 Rd3+ 47. Kxe4 Rxb3 48. Rg1+ Kf6 49. Kd5 h4 50. Kxc5 h3 51. Rh1 Kg5 52. Na5
Rf3 53. Kxb4 Kg4 54. Nb3 Kg3 55. Nd2 Rf4+ 56. Ka5 Kg2 57. Rxh3 Kxh3 58. Nb3
Rxa4+ 1/2-1/2

[Event "4NCL Individual Rapid 10m+10s"]
[Site "Daventry"]
[Date "2013.10.06"]
[Round "3.6"]
[White "Smerdon, David"]
[Black "Coleman, James"]
[Result "1-0"]
[WhiteElo "2523"]
[BlackElo "2127"]
[PlyCount "65"]
[EventDate "2013.10.06"]
[EventType "swiss (rapid)"]
[EventRounds "7"]
[EventCountry "ENG"]
[TimeControl "900+220"]
[WhiteClock "0:03:22"]
[BlackClock "0:02:29"]

1. e4 e5 2. Nf3 Nc6 3. Nc3 Nf6 4. d4 exd4 5. Nxd4 Bb4 6. Nxc6 bxc6 7. Bd3 d5 8.
exd5 O-O 9. O-O cxd5 10. h3 c6 11. Qf3 Bd6 12. Bg5 Rb8 13. Rab1 Re8 14. Ne2 h6
15. Bxf6 Qxf6 16. Qxf6 gxf6 17. Ng3 Kf8 18. Nh5 Be5 19. c3 f5 20. f4 Bd6 21.
Rf3 Bc5+ 22. Kh2 Re3 23. Kg3 Bd7 24. Rxe3 Bxe3 25. Kf3 Bc5 26. b4 Bd6 27. Ng3
d4 28. Bxf5 Be8 29. Rd1 c5 30. bxc5 Bxc5 31. cxd4 Rd8 32. d5 Bc6 33. dxc6 1-0

[Event "4NCL Individual Rapid 10m+10s"]
[Site "Daventry"]
[Date "2013.10.06"]
[Round "3.7"]
[White "Merry, Alan B"]
[Black "Duggan, Christopher"]
[Result "1-0"]
[WhiteElo "2297"]
[BlackElo "2036"]
[PlyCount "57"]
[EventDate "2013.10.06"]
[EventType "swiss (rapid)"]
[EventRounds "7"]
[EventCountry "ENG"]
[TimeControl "900+190"]
[WhiteClock "0:06:42"]
[BlackClock "0:00:48"]

1. e4 c5 2. g3 d5 3. Nc3 e6 4. Bg2 Nf6 5. d3 Nc6 6. Nge2 Be7 7. O-O O-O 8. h3
Bd7 9. exd5 Nxd5 10. Nxd5 exd5 11. d4 cxd4 12. Nxd4 Bf6 13. Be3 Qc8 14. Kh2
Nxd4 15. Bxd4 Bxd4 16. Qxd4 Qxc2 17. Rac1 Qa4 18. Qxa4 Bxa4 19. Bxd5 Rfd8 20.
Bxb7 Rab8 21. Rc7 Rd2 22. b3 Bb5 23. Re1 Rxa2 24. Kg1 Kf8 25. Bd5 Be8 26. Ree7
Kg8 27. Bxf7+ Bxf7 28. Rxf7 Rxb3 29. Rxg7+ 1-0

[Event "4NCL Individual Rapid 10m+10s"]
[Site "Daventry"]
[Date "2013.10.06"]
[Round "3.8"]
[White "Chan, Nevil"]
[Black "Mason, Donald J"]
[Result "0-1"]
[WhiteElo "2027"]
[BlackElo "2204"]
[PlyCount "106"]
[EventDate "2013.10.06"]
[EventType "swiss (rapid)"]
[EventRounds "7"]
[EventCountry "ENG"]
[TimeControl "900+125"]
[WhiteClock "0:01:16"]
[BlackClock "0:00:15"]

1. d4 Nf6 2. Nc3 d5 3. Bg5 h6 4. Bxf6 exf6 5. e3 Be6 6. Bd3 f5 7. Qf3 g6 8.
Nge2 c6 9. Nf4 Nd7 10. Nxe6 fxe6 11. g4 Nf6 12. gxf5 gxf5 13. O-O-O Qd7 14. Ne2
O-O-O 15. Ng3 Ne4 16. Rhg1 Kb8 17. Nh5 c5 18. c3 cxd4 19. exd4 Rc8 20. Bxe4
dxe4 21. Qg3+ Bd6 22. Qg7 Qb5 23. d5 e5 24. Nf6 e3 25. fxe3 Qe2 26. Qg2 Qxe3+
27. Qd2 Qxd2+ 28. Rxd2 Rc7 29. Rdg2 Re7 30. Rg7 e4 31. Kd2 Kc7 32. Rxe7+ Bxe7
33. Rg7 Kd6 34. Nh5 Re8 35. c4 b6 36. Ke2 a5 37. Nf4 Bf6 38. Rg6 Ke5 39. Nh5
Bg5 40. Ng7 Re7 41. Ne6 Bc1 42. b3 f4 43. Nd8 Rd7 44. Nc6+ Kf5 45. Rg1 f3+ 46.
Kf2 Ba3 47. Rg8 Bc5+ 48. Kf1 e3 49. Rg3 e2+ 50. Ke1 Ke4 51. Rg4+ Ke3 52. Rg3
Bd6 53. Rh3 Rg7 0-1

[Event "4NCL Individual Rapid 10m+10s"]
[Site "Daventry"]
[Date "2013.10.06"]
[Round "3.1"]
[White "Benjamin, Martin J"]
[Black "Talsma, Paul"]
[Result "0-1"]
[WhiteElo "2040"]
[BlackElo "2192"]
[PlyCount "96"]
[EventDate "2013.10.06"]
[EventType "swiss (rapid)"]
[EventRounds "7"]
[EventCountry "ENG"]

1. c4 f5 2. g3 Nf6 3. Bg2 g6 4. Nf3 Bg7 5. Nc3 O-O 6. d3 d6 7. O-O Nc6 8. Rb1
a5 9. a3 Nh5 10. Nd5 e6 11. Bg5 Qd7 12. Nf4 Nxf4 13. Bxf4 e5 14. Bd2 a4 15. Ng5
Qe7 16. Nf3 e4 17. dxe4 fxe4 18. Ng5 Bf5 19. Nh3 Ne5 20. Bc3 c6 21. Bxe5 Bxe5
22. e3 h6 23. Nf4 Bxf4 24. gxf4 Qf6 25. Qd2 Kh8 26. f3 exf3 27. Bxf3 Bxb1 28.
Rxb1 Rae8 29. Re1 Re7 30. Bg2 Rfe8 31. e4 Rf8 32. Rf1 Ref7 33. Kh1 Kh7 34. Rf2
c5 35. Rf1 Qd4 36. Qxd4 cxd4 37. f5 gxf5 38. exf5 Kh8 39. Rd1 Rxf5 40. Rxd4
R8f6 41. Re4 Re5 42. Rxe5 dxe5 43. Bxb7 Rb6 44. Bd5 Rxb2 45. c5 Rc2 46. Bc6
Rxc5 47. Bxa4 Ra5 48. Bc6 Rxa3 0-1

[Event "4NCL Individual Rapid 10m+10s"]
[Site "Daventry"]
[Date "2013.10.06"]
[Round "3.2"]
[White "Thompson, Robert"]
[Black "Okike, David"]
[Result "0-1"]
[WhiteElo "1962"]
[BlackElo "2152"]
[PlyCount "102"]
[EventDate "2013.10.06"]
[EventType "swiss (rapid)"]
[EventRounds "7"]
[EventCountry "ENG"]
[TimeControl "900+90"]
[WhiteClock "0:04:53"]
[BlackClock "0:08:53"]

1. Nf3 Nf6 2. c4 g6 3. g3 Bg7 4. Bg2 d6 5. d4 O-O 6. O-O Nc6 7. Nc3 Bg4 8. e4
Nd7 9. Be3 Nb6 10. b3 a5 11. Rc1 a4 12. c5 dxc5 13. dxc5 Qxd1 14. Rfxd1 Nc8 15.
h3 Bxf3 16. Bxf3 axb3 17. axb3 Ra3 18. Nd5 Rxb3 19. Nxc7 Be5 20. Nd5 e6 21. Nb6
Nxb6 22. cxb6 Bxg3 23. Bc5 Rc8 24. fxg3 Rxf3 25. Kg2 Rb3 26. Rd7 Rb2+ 27. Kf1
Ne5 28. Rc7 Rd8 29. Be3 Nf3 30. R7c2 Nd2+ 31. Bxd2 Rxd2 32. Rxd2 Rxd2 33. Rc7
Rd4 34. Rxb7 Rxe4 35. Rc7 Rb4 36. b7 Kg7 37. Kf2 h5 38. Kf3 Kf6 39. Rd7 e5 40.
Rc7 Ke6 41. Rc6+ Kd7 42. Rf6 Ke7 43. Rc6 Rxb7 44. Rc5 Kd6 45. Rc3 f5 46. h4 Rb6
47. Rd3+ Ke6 48. Ra3 Kf6 49. Re3 e4+ 50. Kf4 Rb1 51. Ra3 Rf1+ 0-1

[Event "4NCL Individual Rapid 10m+10s"]
[Site "Daventry"]
[Date "2013.10.06"]
[Round "3.3"]
[White "Bourne, Iain"]
[Black "Mayhew, Andrew"]
[Result "0-1"]
[WhiteElo "1918"]
[BlackElo "2058"]
[PlyCount "40"]
[EventDate "2013.10.06"]
[EventType "swiss (rapid)"]
[EventRounds "7"]
[EventCountry "ENG"]
[TimeControl "900+140"]
[WhiteClock "0:00:45"]
[BlackClock "0:06:11"]

1. d4 Nf6 2. c4 g6 3. f3 e6 4. e4 d5 5. Nc3 Bg7 6. Bg5 h6 7. Be3 O-O 8. Qd2
dxe4 9. fxe4 Ng4 10. Nf3 Nxe3 11. Qxe3 c5 12. dxc5 Qa5 13. Be2 Nd7 14. c6 bxc6
15. O-O Rb8 16. Nd4 Qc5 17. Rfd1 Rxb2 18. Na4 Rxe2 19. Nxc5 Rxe3 20. Nxd7 Bxd7
0-1

[Event "4NCL Individual Rapid 10m+10s"]
[Site "Daventry"]
[Date "2013.10.06"]
[Round "3.4"]
[White "Healey, Michael W"]
[Black "Humphreys, Jerry G"]
[Result "1-0"]
[WhiteElo "2091"]
[BlackElo "2065"]
[PlyCount "61"]
[EventDate "2013.10.06"]
[EventType "swiss (rapid)"]
[EventRounds "7"]
[EventCountry "ENG"]

1. e4 c5 2. Nf3 e6 3. b3 d6 4. Bb2 Nf6 5. Bb5+ Bd7 6. Qe2 Be7 7. e5 Bxb5 8.
Qxb5+ Qd7 9. Qxd7+ Nfxd7 10. exd6 Bxd6 11. Nc3 Nc6 12. O-O-O O-O 13. Kb1 Rfd8
14. Ne4 Be7 15. h4 Rac8 16. d3 Nb4 17. h5 h6 18. g4 Nd5 19. g5 hxg5 20. h6 g4
21. Nfg5 gxh6 22. Rxh6 e5 23. Rdh1 N5f6 24. Ng3 Kf8 25. Nf5 Ke8 26. Rh8+ Nf8
27. Bxe5 Rd5 28. Re1 Kd7 29. Nxe7 Kxe7 30. Bb2+ Kd7 31. Bxf6 1-0

[Event "4NCL Individual Rapid 10m+10s"]
[Site "Daventry"]
[Date "2013.10.06"]
[Round "3.5"]
[White "Kane, Robert"]
[Black "Basman, Michael"]
[Result "0-1"]
[WhiteElo "1862"]
[BlackElo "2340"]
[PlyCount "98"]
[EventDate "2013.10.06"]
[EventType "swiss (rapid)"]
[EventRounds "7"]
[EventCountry "ENG"]
[TimeControl "900+105"]
[WhiteClock "0:01:23"]
[BlackClock "0:04:28"]

1. d4 b5 2. Bf4 Bb7 3. Nf3 e6 4. e3 a6 5. Nbd2 Nf6 6. a4 b4 7. Bd3 h6 8. c4 g5
9. Bg3 h5 10. h4 g4 11. Ng5 Bxg2 12. Rg1 Bb7 13. e4 b3 14. Qxb3 Qc8 15. e5 Ng8
16. d5 a5 17. Be4 Bb4 18. dxe6 dxe6 19. O-O-O Na6 20. Bxb7 Qxb7 21. Nde4 Rb8
22. Qd3 Qc6 23. f4 Bc5 24. Rg2 Qxa4 25. Nc3 Qc6 26. f5 Nb4 27. Qe4 Qxe4 28.
Ngxe4 Be3+ 29. Kb1 exf5 30. Nf6+ Nxf6 31. exf6 f4 32. Bf2 O-O 33. Bxe3 fxe3 34.
Nd5 Rfe8 35. Re2 Rbd8 36. Rxe3 Rxe3 37. Nxe3 Rxd1+ 38. Nxd1 Kh7 39. Ne3 Kg6 40.
Ng2 Kxf6 41. Nf4 Ke5 42. Nxh5 f5 43. Kc1 f4 44. Kd2 g3 45. Ke2 Nc6 46. Nxg3
fxg3 47. Kf3 Ne7 48. Kxg3 Nf5+ 49. Kg4 Nxh4 0-1